| 000 | 00646nam a2200205 i 4500 | ||
|---|---|---|---|
| 001 | bgj | ||
| 100 | 1 | _aCOSTINETT, Sandra | |
| 245 | 1 | 0 |
_aSpectrum 6 : _ba communicative course in English / _cSandra Costinett with Donald R.H. Byrd. |
| 260 |
_aEnglewood Cliffs, N.J. : _bPrentice Hall Regents, _ccop. 1986. |
||
| 300 |
_aV, [1], 106 pp : _bill. ; _c26 cm. |
||
| 650 | 9 |
_aEnglish language _xSpoken English |
|
| 655 | _aTextbooks for foreigners | ||
| 700 | 1 |
_aBYRD, Donald _bR. _bH. |
|
| 020 | _a0138266867 (pbk) | ||
| 040 | _cBPK | ||
| 041 | _aeng | ||
| 920 | _a0-13-826686-7 (pbk) | ||
| 942 | _cKS | ||
| 008 | s uk f |000 0 eng | ||
| 999 |
_c41307 _d41307 |
||
| 856 |
_uhttp://koha.tu.koszalin.pl/cgi-bin/koha/opac-detail.pl?biblionumber=41307 _yKatalog online BPK |
||